000 00438cam a2200169ua 4500
020 _c695.00
041 _aeng
_h
082 _a631.587
_bSHA/AG
100 _aSharma, Premjith .
245 0 0 _aAgricultural drainage and water quality /
_cPremjith Sharma.
_hTextual Documents
260 _aNew Delhi :
_bGene-Tech Books ,
_c2007.
300 _a278 ; .
365 _a695.00
504 _a
942 _cBK
999 _c13145
_d13145